000 00361nam a22001217a 4500
999 _c13209
_d13209
020 _a9781285187273
082 _a658.4033
100 _aDavid Anderson , Dennis Sweeney , Thomas Williams, Michael Fry [et:al]
245 _aEssentials of Business Analytics
260 _aUSA
_bCENGAGE Learning
_c2015
300 _apages 675
942 _cBUSINESS